Štátna pomoc na investície v poľnohospodárstve
Kumulácia pomoci. Mechanizmus poskytovania pomoci. Ročný rozpočet. Transparentnosť a monitorovanie. Kontrola a vnútorný audit. Subjekty zapojené do finančnej kontroly. Platnosť a účinnosť schémy.
Enregistré dans:
| Format: | Chapitre de livre |
|---|---|
| Langue: | slovaque |
| Sujets: | |
| Tags: |
Pas de tags, Soyez le premier à ajouter un tag!
|
MARC
| LEADER | 00000naa$a2200000$$$4500 | ||
|---|---|---|---|
| 001 | 0114362 | ||
| 005 | 20231120114252.4 | ||
| 041 | 0 | |a slo | |
| 044 | |a SK | ||
| 245 | 1 | 0 | |a Štátna pomoc na investície v poľnohospodárstve |
| 520 | |a Kumulácia pomoci. Mechanizmus poskytovania pomoci. Ročný rozpočet. Transparentnosť a monitorovanie. Kontrola a vnútorný audit. Subjekty zapojené do finančnej kontroly. Platnosť a účinnosť schémy. | ||
| 610 | 2 | 0 | |a pomoc štátna |
| 610 | 2 | 0 | |a investície |
| 610 | 2 | 0 | |a poľnohospodárstvo |
| 610 | 2 | 0 | |a kontrola finančná |
| 610 | 2 | 0 | |a audit interný |